Počas dní bábkového divadla ožili všetky bábky z rozprávok

Bibliographic Details
Format: Article
Language:Slovak
Subjects:
Online Access:http://kosicednes.sk/kultura/pocas-dni-babkoveho-divadla-ozili-vsetky-babky-z-rozpravok/

MARC

LEADER 00000nab a2200000 a 4500
001 vtls011634756
003 SK-MaSNL
005 20260303202202.0
008 170606|20170605xo zr|p 000 0 slo
038 |a KEVKJB 
040 |a KEVKJB  |b slo  |c KEVKJB  |e AACR2 
041 0 |a slo 
044 |a xo  |c SK 
080 |a 792.97  |2 2011 
245 0 0 |a Počas dní bábkového divadla ožili všetky bábky z rozprávok  |c [autor] (OLI) 
300 |b Fotogr. 
610 2 7 |a Bábkové divadlo v Košiciach  |2 kevkjb  |9 29577 
611 2 7 |a Virvar  |d (2017 :  |c Košice, Slovensko)  |2 kevkjb  |9 1233731 
650 0 7 |a bábkové divadlá  |2 kevkjb  |9 29754 
651 7 |a Košice (Slovensko)  |2 kevkjb  |9 18694 
773 0 |t KOŠICE:DNES  |g Roč. 4, č. 106 (5.6.2017), s. 10-11  |x 1339-7605 
852 |a KEVKJB  |b KIS3GCP 
856 4 1 |u http://kosicednes.sk/kultura/pocas-dni-babkoveho-divadla-ozili-vsetky-babky-z-rozpravok/ 
999 |c 2178113  |d 2180043